Die Wirtschaftsverfassung der Republik Chile
Guardat en:
| Autor principal: | |
|---|---|
| Format: | Llibre |
| Idioma: | alemany |
| Publicat: |
Leipzig
Verlag von Dunker & Humblot
1913
|
| Edició: | 1a. ed |
| Matèries: | |
| Etiquetes: |
Afegir etiqueta
Sense etiquetes, Sigues el primer a etiquetar aquest registre!
|
MARC
| LEADER | 00000nam a2200000 a 4500 | ||
|---|---|---|---|
| 001 | UCJ5128 | ||
| 003 | CL-VaPUC | ||
| 008 | 070124e19130000GW |||||||||||||||||ger|d | ||
| 082 | 0 | 4 | |a 983 |b WAG |2 21 |
| 100 | 0 | |a Wagemann, Ernst |e author |9 509954 | |
| 245 | 1 | 0 | |a Die Wirtschaftsverfassung der Republik Chile |
| 250 | |a 1a. ed | ||
| 300 | |a 253 p | ||
| 942 | |c BK | ||
| 945 | |d 20070124 00:00:00 |a rinostro | ||
| 260 | |a Leipzig |b Verlag von Dunker & Humblot |c 1913 | ||
| 650 | 0 | |a Economía |9 255568 | |
| 650 | 0 | |a Recursos naturales |9 255232 | |
| 650 | 0 | |a Industria salitrera |9 440309 | |
| 650 | 0 | |a Minería |9 326008 | |
| 650 | 0 | |a Cobre |9 255767 | |
| 650 | 7 | |a HACIENDA |2 CL-VaPUC |9 342348 | |
| 650 | 0 | |a Historia de Chile |9 265473 | |
| 583 | |a last modification |c 20070124 00:00:00 |k Rodrigo Vera | ||
| 999 | |c 321241 |d 321239 | ||
| 952 | |0 0 |1 0 |4 0 |6 983_000000000000000_WAG_1913 |7 0 |8 X |9 399936 |a FDOBUD |b FDOBUD |d 2019-11-22 |i 1030442 |o 983 WAG 1913 |p 1030442 |r 2019-11-22 |w 2019-11-22 |y BK_X |k BUD | ||